Rome et lïOccident, II siècle av. J. C.- II siècle apr. J. C, Gouverner lïEmpire

Saved in:
Bibliografiske detaljer
Hovedforfatter: Hurlet, Frédéric (Author)
Format: Bog
Sprog:spansk
Udgivet: Rennes Presses Universitaires de Rennes 2009
Serier:Histoire
Fag:
Tags: Tilføj Tag
Ingen Tags, Vær først til at tagge denne postø!

MARC

LEADER 00000nam a2200000 a 4500
001 UCG6159
003 CL-VaPUC
008 110407e20090000fr |||||||||||||||||spa|d
020 |a 9782753509146 
082 0 4 |a 937.06  |b HUR  |2 21 
100 |a Hurlet, Frédéric  |e author  |9 556171 
245 1 0 |a Rome et lïOccident, II siècle av. J. C.- II siècle apr. J. C, Gouverner lïEmpire 
300 |a 528 p 
942 |c BK 
945 |d 20110407 00:00:00  |a jcampos 
260 |a Rennes  |b Presses Universitaires de Rennes  |c 2009 
650 0 |a Historia de Roma   |9 315349 
650 0 |a Imperio Romano  |9 322785 
651 7 |a HISPANIA  |2 CL-VaPUC  |9 320425 
651 0 |a Roma   |9 255106 
583 |a last modification  |c 20171205 01:55:59  |k Rodrigo Vera 
490 0 |a Histoire 
999 |c 344436  |d 344434 
952 |0 0  |1 0  |4 0  |6 937_060000000000000_HUR_2009  |7 0  |8 A  |9 442406  |a BIBHIS  |b BIBHIS  |d 2019-11-22  |i 4764102  |o 937.06 HUR 2009  |p 4764102  |r 2023-01-25  |w 2019-11-22  |y BK  |k HIS